|
|
แสดงรายละเอียดบรรณานุกรม |
|
|
Brief Record
: Get Marc (ISO 2709)
: E-mail record
: |
|
|
| LEADER 00000nam 2200000uu 4500 | |||
| 001 211316 | |||
| 003 ULIBM | |||
| 008 020711s2015 th a 000 0 eng d | |||
| 020 9781118528020 | |||
| 041 ^aeng | |||
| 060 4 WQ160 F981 2015 | |||
| 245 Fundamentals of midwifery :^ba textbook for students/^cedited by Louise Lewis | |||
| 260 Malden,Ma :^bWiley Blackwell,^c2015 | |||
| 300 xiv,423 pages :^bill ;^c24 cm | |||
| 504 ^aIncludes biblographical references and index | |||
| 650 4 ^aMidwifery^xTextbook | |||
| 650 4 ^aMidwifery^xmethods^xGreat Britain | |||
| 700 0 ^aLewis, Louise,^eed. | |||
| 999 ^aใช้งานได้ทุกระบบ | |||
| คุณยังไม่ได้ล็อกอิน คุณสามารถมีกิจกรรมร่วมกับเว็บไซต์ได้ แต่ต้องล็อกอินก่อน :: |
|
| สถานะ | |||||||||
| 1. | หนังสือทั่วไป | WQ160 F981 2015 c.1 | On Shelf ขอยืม | ||||||
| Note:งบประมาณปี2559 | |||||||||
| [แสดง 1/1 รายการ] | |||||||||
BibComment |
| คอมเมนท์ทรัพยากรรายการนี้ |
|
|